Choses historiques par pays - Statistiques

Statistiques générales
  • Ce quiz a été pris 287 fois
  • Le résultat moyen est 13 sur 18
Statistiques - réponses
Allusion Réponse Info % Correct
Colisée Romain Italie Aussi connu sous le nom d'amphithéâtre Flavian.
100%
Versailles France Traité de Versailles signé entre l'Allemagne et les Alliés
97%
Hiroshima Japon Attaque atomique du 6 août 1945
97%
Reine Elizabeth II Royaume-Uni Monarque britannique depuis 1954
97%
Hawaii Etats-Unis 50ème Etat des USA
94%
Bagdad Irak Capitale abbasside
91%
Catastrophe de Tchernobyl Ukraine Un accident nucléaire le 26 avril 1986
91%
Albert Einstein Allemagne Scientifique allemand
89%
Civilisation Inca Pérou Incas au Machu Picchu
84%
Afrikaner Afrique du Sud Peuple tribal
79%
Angkor Vat Cambodge Centre de l'empire khmer
72%
Jawaharlal Nehru Inde Premier Premier ministre indien
71%
Christophe Colomb Italie Découvert l'Amérique du Nord
67%
Bengale oriental Bangladesh Appartient autrefois au Pakistan
55%
les îles Falkland Argentine Une fois contesté entre le Royaume-Uni et l'Argentine
42%
Parc national de Mesa Verde Etats-Unis Une fois habité par le peuple Anasazi
12%
Tikal Guatemala La plus grande de toutes les cités mayas
10%
Mohenjo-Daro Pakistan Une des civilisations les plus anciennes du monde
5%
Aucun quiz correspondant
Distribution des résultats
% des personnes avec chaque résultat
Percentile par nombre de réponses
Votre historique - résultats
Vous n’avez pas pris ce quiz